Divided poor: Study of a Kerala Village (Record no. 36475)

MARC details
000 -LEADER
fixed length control field 00281nam a2200109Ia 4500
082 ## - DEWEY DECIMAL CLASSIFICATION NUMBER
Classification number 308(548.3)
Item number SAR
100 ## - MAIN ENTRY--AUTHOR NAME
Personal name Saradamoni, K
245 #0 - TITLE STATEMENT
Title Divided poor: Study of a Kerala Village
260 ## - PUBLICATION, DISTRIBUTION, ETC. (IMPRINT)
Place of publication Delhi
Name of publisher Ajanta
Year of publication 1981
942 ## - ADDED ENTRY ELEMENTS (KOHA)
Koha item type Books
Holdings
Withdrawn status Lost status Damaged status Not for loan Home library Current library Date acquired Cost, normal purchase price Full call number Accession Number Koha item type
        RRII Library RRII Library 16/12/2021 45.00 308(548.3) SAR 16881 Books